Statistics for Asian Countries With Highest Obesity Rates

Click here to take the quiz!

General Stats

  • This quiz has been taken 38 times
  • The average score is 13 of 15

Answer Stats

Obesity RateCountry% Correct
35.10Qatar
97%
35.40Saudi Arabia
97%
25.80Iran
94%
26.10Israel
94%
27.00Oman
94%
27.80Syria
94%
30.40Iraq
91%
31.70United Arab Emirates
91%
37.90Kuwait
88%
32.10Turkey
88%
35.50Jordan
84%
29.80Bahrain
81%
32.00Lebanon
78%
21.80Cyprus
63%
21.70Georgia
63%

Score Distribution

Percentile by Number Answered

Percent of People with Each Score

Your Score History

You have not taken this quiz